000 00705nam a2200241Ia 4500
005 20260430150521.0
008 008 250103s9999 xx 000 0 eng d
037 _aTheses
040 _aCRL
040 _beng
040 _ceng
041 _2eng
041 _aeng
084 _qCRL
100 _aObaidullah Au.; Mohammad Akram Gu.
_91237733
245 0 _aAbdul Salam al-Ujaili wa masahamtah fi al-adab al-qasasi al-Arbi (Abdul al-Salam al-Ujaili and his contribution to Arabic fiction: an anlytical study)
260 _c2023
300 _a235p.
650 _aArabic Fiction
700 _aUniversity of Delhi. Faculty of Arts. Dept. of Arabic
942 _cTH
999 _c1849972
_d1849972